[Event "GER-chW Blitz 2019"]
[Site "Magdeburg"]
[Date "2019.05.25"]
[Round "4.12"]
[White "Muetsch, Annmarie"]
[Black "Siegl, Melina"]
[Result "1-0"]
[WhiteElo "2266"]
[BlackElo "2029"]
[Annotator "NA"]
[PlyCount "70"]
[EventDate "2019.05.25"]
[EventType "tourn"]
[EventCountry "GER"]
[SourceTitle "playchess.com"]
[Source "ChessBase"]
[SourceQuality "1"]
[TimeControl "180+2"]

1. e4 {[%emt 0:00:00]} c5 {[%emt 0:00:00]} 2. Nf3 {[%emt 0:00:00]} e6 {[%emt 0:00:00]} 3. d4 {[%emt 0:00:01]} cxd4 {[%emt 0:00:01]} 4. Nxd4 {[%emt 0:00:01]} Nf6 {[%emt 0:00:01]} 5. Nc3 {[%emt 0:00:01]} d6 {[%emt 0:00:01]} 6. g3 {[%emt 0:00:09]} a6 {[%emt 0:00:01]} 7. Bg2 {[%emt 0:00:02]} Nbd7 {[%emt 0:00:01]} 8. O-O {[%emt 0:00:02]} Qc7 {[%emt 0:00:05]} 9. Be3 {[%emt 0:00:07]} Ne5 {[%emt 0:00:04]} 10. h3 {[%emt 0:00:09]} b5 {[%emt 0:00:03]} 11. f4 {[%emt 0:00:16]} Nc4 {[%emt 0:00:01]} 12. Bc1 {[%emt 0:00:01]} Bb7 {[%emt 0:00:03]} 13. b3 {[%emt 0:00:16]} Nb6 {[%emt 0:00:05]} 14. Qd3 {[%emt 0:00:15]} Rc8 {[%emt 0:00:10]} 15. Bb2 {[%emt 0:00:02]} e5 {[%emt 0:00:34]} 16. fxe5 {[%emt 0:00:18]} dxe5 {[%emt 0:00:02]} 17. Nf5 {[%emt 0:00:14]} Bc5+ {[%emt 0:00:56]} 18. Kh2 {[%emt 0:00:05]} g6 {[%emt 0:00:17]} 19. Ne3 {[%emt 0:00:07]} Nh5 {[%emt 0:00:13]} 20. Ncd5 {[%emt 0:00:08]} Nxd5 {[%emt 0:00:12]} 21. Nxd5 {[%emt 0:00:02]} Bxd5 {[%emt 0:00:37]} 22. Qxd5 {[%emt 0:00:02]} Bd6 {[%emt 0:00:04]} 23. Rad1 {[%emt 0:00:07]} Rd8 {[%emt 0:00:04]} 24. c4 {[%emt 0:00:20]} O-O {[%emt 0:00:01]} 25. cxb5 {[%emt 0:00:18]} axb5 {[%emt 0:00:01]} 26. Qxb5 {[%emt 0:00:05]} Qe7 {[%emt 0:00:03]} 27. Bf3 {[%emt 0:00:09]} Qg5 {[%emt 0:00:07]} 28. Bxh5 {[%emt 0:00:05]} gxh5 {[%emt 0:00:02]} 29. Qe2 {[%emt 0:00:06]} Kh8 {[%emt 0:00:02]} 30. Rf5 {[%emt 0:00:03]} Qg7 {[%emt 0:00:03]} 31. Qxh5 {[%emt 0:00:04]} Rg8 {[%emt 0:00:01]} 32. Qf3 {[%emt 0:00:04]} f6 {[%emt 0:00:05]} 33. Rxf6 {[%emt 0:00:10]} Be7 34. Rxd8 Bxf6 35. Rxg8+ Qxg8 1-0

[Event "GER-chW Blitz 2019"]
[Site "Magdeburg"]
[Date "2019.05.25"]
[Round "5.1"]
[White "Siegl, Melina"]
[Black "Roesler, Hannah Clara Hed"]
[Result "1-0"]
[WhiteElo "2029"]
[BlackElo "1619"]
[Annotator "NA"]
[PlyCount "76"]
[EventDate "2019.05.25"]
[EventType "tourn"]
[EventCountry "GER"]
[SourceTitle "playchess.com"]
[Source "ChessBase"]
[SourceQuality "1"]
[TimeControl "180+2"]

1. e4 {[%emt 0:00:00]} c5 {[%emt 0:00:00]} 2. Nf3 {[%emt 0:00:02]} g6 {[%emt 0:00:00]} 3. d3 {[%emt 0:00:01]} Bg7 {[%emt 0:00:05]} 4. g3 {[%emt 0:00:00]} Nc6 {[%emt 0:00:07]} 5. c3 {[%emt 0:00:01]} d5 {[%emt 0:00:18]} 6. Nbd2 {[%emt 0:00:02]} Nf6 {[%emt 0:00:29]} 7. Bg2 {[%emt 0:00:03]} O-O {[%emt 0:00:09]} 8. O-O {[%emt 0:00:03]} Qc7 {[%emt 0:00:12]} 9. Re1 {[%emt 0:00:10]} dxe4 {[%emt 0:00:10]} 10. dxe4 {[%emt 0:00:01]} Rd8 {[%emt 0:00:03]} 11. Qc2 {[%emt 0:00:10]} Bg4 {[%emt 0:00:24]} 12. Nf1 {[%emt 0:00:07]} Qc8 {[%emt 0:00:09]} 13. Ne3 {[%emt 0:00:30]} Bh3 {[%emt 0:00:06]} 14. Bh1 {[%emt 0:00:07]} Ng4 {[%emt 0:00:15]} 15. Ng5 {[%emt 0:00:12]} Nge5 {[%emt 0:00:11]} 16. Nxh3 {[%emt 0:00:41]} Qxh3 {[%emt 0:00:02]} 17. Bg2 {[%emt 0:00:02]} Qh5 {[%emt 0:00:03]} 18. Qe2 {[%emt 0:00:23]} Qxe2 {[%emt 0:00:14]} 19. Rxe2 {[%emt 0:00:02]} Nd3 {[%emt 0:00:05]} 20. Nd5 {[%emt 0:00:08]} e6 {[%emt 0:00:08]} 21. Nf4 {[%emt 0:00:13]} Nce5 {[%emt 0:00:05]} 22. Be3 {[%emt 0:00:04]} c4 {[%emt 0:00:06]} 23. Bd4 {[%emt 0:00:06]} b5 {[%emt 0:00:05]} 24. Rd1 {[%emt 0:00:05]} Rd7 {[%emt 0:00:10]} 25. Nxd3 {[%emt 0:00:02]} Nxd3 {[%emt 0:00:02]} 26. e5 {[%emt 0:00:08]} a6 {[%emt 0:00:03]} 27. Bxa8 {[%emt 0:00:03]} Rd8 {[%emt 0:00:05]} 28. Bg2 {[%emt 0:00:02]} Nxe5 {[%emt 0:00:04]} 29. Ree1 {[%emt 0:00:03]} f6 {[%emt 0:00:03]} 30. Bxe5 {[%emt 0:00:03]} Rxd1 {[%emt 0:00:03]} 31. Rxd1 {[%emt 0:00:00]} fxe5 {[%emt 0:00:01]} 32. Be4 {[%emt 0:00:02]} Kf7 {[%emt 0:00:01]} 33. Rd7+ {[%emt 0:00:02]} Kf6 {[%emt 0:00:01]} 34. h4 {[%emt 0:00:02]} Bh6 {[%emt 0:00:02]} 35. Ra7 {[%emt 0:00:03]} Bc1 {[%emt 0:00:02]} 36. b3 {[%emt 0:00:07]} Bb2 {[%emt 0:00:06]} 37. bxc4 {[%emt 0:00:03]} bxc4 38. Rxa6 Bxc3 1-0

[Event "GER-chW Blitz 2019"]
[Site "Magdeburg"]
[Date "2019.05.25"]
[Round "5.2"]
[White "Hofmann, Karina"]
[Black "Muetsch, Annmarie"]
[Result "0-1"]
[WhiteElo "1700"]
[BlackElo "2266"]
[Annotator "NA"]
[PlyCount "92"]
[EventDate "2019.05.25"]
[EventType "tourn"]
[EventCountry "GER"]
[SourceTitle "playchess.com"]
[Source "ChessBase"]
[SourceQuality "1"]
[TimeControl "180+2"]

1. f4 {[%emt 0:00:00]} d5 {[%emt 0:00:00]} 2. Nf3 {[%emt 0:00:00]} Nf6 {[%emt 0:00:02]} 3. e3 {[%emt 0:00:01]} g6 {[%emt 0:00:02]} 4. b3 {[%emt 0:00:02]} Bg7 {[%emt 0:00:01]} 5. Nc3 {[%emt 0:00:01]} O-O {[%emt 0:00:02]} 6. Bb2 {[%emt 0:00:01]} c5 {[%emt 0:00:02]} 7. d4 {[%emt 0:00:02]} b6 {[%emt 0:00:03]} 8. Bd3 {[%emt 0:00:01]} Nc6 {[%emt 0:00:03]} 9. Qe2 {[%emt 0:00:05]} Bb7 {[%emt 0:00:04]} 10. O-O-O {[%emt 0:00:03]} Na5 {[%emt 0:00:14]} 11. Ne5 {[%emt 0:00:04]} Rc8 {[%emt 0:00:08]} 12. Nb5 {[%emt 0:00:04]} a6 {[%emt 0:00:07]} 13. Nc3 {[%emt 0:00:03]} Nd7 {[%emt 0:00:31]} 14. dxc5 {[%emt 0:00:11]} Nxe5 {[%emt 0:00:12]} 15. Bxa6 {[%emt 0:00:14]} Bxa6 {[%emt 0:00:04]} 16. Qxa6 {[%emt 0:00:02]} Nd7 {[%emt 0:00:10]} 17. cxb6 {[%emt 0:00:04]} Qxb6 {[%emt 0:00:07]} 18. Qxb6 {[%emt 0:00:11]} Nxb6 {[%emt 0:00:01]} 19. Nxd5 {[%emt 0:00:03]} Nxd5 {[%emt 0:00:05]} 20. Rxd5 {[%emt 0:00:02]} Nc6 {[%emt 0:00:09]} 21. Bxg7 {[%emt 0:00:07]} Kxg7 {[%emt 0:00:01]} 22. c4 {[%emt 0:00:02]} e6 {[%emt 0:00:10]} 23. Rd6 {[%emt 0:00:05]} Kf6 {[%emt 0:00:13]} 24. e4 {[%emt 0:00:04]} Ke7 {[%emt 0:00:03]} 25. Rhd1 {[%emt 0:00:03]} Rfd8 {[%emt 0:00:02]} 26. Rxd8 {[%emt 0:00:04]} Nxd8 {[%emt 0:00:03]} 27. Kc2 {[%emt 0:00:02]} Nc6 {[%emt 0:00:04]} 28. Kc3 {[%emt 0:00:02]} f6 {[%emt 0:00:06]} 29. b4 {[%emt 0:00:01]} e5 {[%emt 0:00:02]} 30. fxe5 {[%emt 0:00:04]} fxe5 {[%emt 0:00:02]} 31. Rd5 {[%emt 0:00:03]} Ke6 {[%emt 0:00:02]} 32. b5 {[%emt 0:00:04]} Nd4 {[%emt 0:00:07]} 33. a4 {[%emt 0:00:06]} Ne2+ {[%emt 0:00:06]} 34. Kb4 {[%emt 0:00:01]} Nf4 {[%emt 0:00:02]} 35. Rc5 {[%emt 0:00:11]} Nd3+ {[%emt 0:00:01]} 36. Ka5 {[%emt 0:00:05]} Nxc5 {[%emt 0:00:02]} 37. b6 {[%emt 0:00:03]} Kd6 {[%emt 0:00:04]} 38. Kb5 {[%emt 0:00:02]} Ra8 {[%emt 0:00:09]} 39. a5 {[%emt 0:00:01]} g5 {[%emt 0:00:04]} 40. g4 {[%emt 0:00:04]} h6 {[%emt 0:00:04]} 41. h3 {[%emt 0:00:00]} Rc8 {[%emt 0:00:28]} 42. a6 {[%emt 0:00:03]} Nxa6 {[%emt 0:00:02]} 43. Kxa6 {[%emt 0:00:01]} Rxc4 {[%emt 0:00:02]} 44. b7 {[%emt 0:00:01]} Rb4 {[%emt 0:00:01]} 45. Ka7 {[%emt 0:00:02]} Kc7 {[%emt 0:00:03]} 46. Ka6 {[%emt 0:00:04]} Rxb7 {[%emt 0:00:02]} 0-1

[Event "GER-chW Blitz 2019"]
[Site "Magdeburg"]
[Date "2019.05.25"]
[Round "5.3"]
[White "Birkholz, Olga"]
[Black "Michna, Marta"]
[Result "0-1"]
[WhiteElo "2031"]
[BlackElo "2355"]
[Annotator "NA"]
[PlyCount "70"]
[EventDate "2019.05.25"]
[EventType "tourn"]
[EventCountry "GER"]
[SourceTitle "playchess.com"]
[Source "ChessBase"]
[SourceQuality "1"]
[TimeControl "180+2"]

1. d4 {[%emt 0:00:00]} Nf6 {[%emt 0:00:00]} 2. c4 {[%emt 0:00:01]} d6 {[%emt 0:00:00]} 3. Nc3 {[%emt 0:00:02]} Nbd7 {[%emt 0:00:00]} 4. e4 {[%emt 0:00:02]} e5 {[%emt 0:00:00]} 5. Nf3 {[%emt 0:00:05]} g6 {[%emt 0:00:01]} 6. Be2 {[%emt 0:00:05]} Bg7 {[%emt 0:00:01]} 7. O-O {[%emt 0:00:02]} O-O {[%emt 0:00:01]} 8. b4 {[%emt 0:00:06]} a5 {[%emt 0:00:05]} 9. bxa5 {[%emt 0:00:06]} exd4 {[%emt 0:00:08]} 10. Nxd4 {[%emt 0:00:02]} Nc5 {[%emt 0:00:01]} 11. Bf3 {[%emt 0:00:14]} Rxa5 {[%emt 0:00:05]} 12. Bg5 {[%emt 0:00:14]} h6 {[%emt 0:00:05]} 13. Bd2 {[%emt 0:00:11]} Ra8 {[%emt 0:00:05]} 14. Qc1 {[%emt 0:00:08]} Kh7 {[%emt 0:00:02]} 15. Nb3 {[%emt 0:00:01]} Nd3 {[%emt 0:00:03]} 16. Qc2 {[%emt 0:00:07]} Nb4 {[%emt 0:00:22]} 17. Qc1 {[%emt 0:00:14]} Nd7 {[%emt 0:00:08]} 18. a3 {[%emt 0:00:06]} Nc6 {[%emt 0:00:04]} 19. Nd5 {[%emt 0:00:08]} Nce5 {[%emt 0:00:10]} 20. Be2 {[%emt 0:00:09]} c6 {[%emt 0:00:00]} 21. Ne3 {[%emt 0:00:05]} Nf6 {[%emt 0:00:46]} 22. f4 {[%emt 0:00:09]} Ned7 {[%emt 0:00:03]} 23. Qc2 {[%emt 0:00:17]} Qe7 {[%emt 0:00:01]} 24. Bd3 {[%emt 0:00:05]} Re8 25. f5 g5 {[%emt 0:00:15]} 26. Rfe1 {[%emt 0:00:22]} Ne5 {[%emt 0:00:01]} 27. Bc3 {[%emt 0:00:09]} Nh5 {[%emt 0:00:12]} 28. Bf1 {[%emt 0:00:07]} Nf4 {[%emt 0:00:04]} 29. g3 {[%emt 0:00:04]} Nf3+ {[%emt 0:00:01]} 30. Kf2 {[%emt 0:00:02]} Nxe1 {[%emt 0:00:04]} 31. Rxe1 {[%emt 0:00:02]} Bxc3 {[%emt 0:00:05]} 32. Qxc3 {[%emt 0:00:01]} Nh5 {[%emt 0:00:00]} 33. Nd4 {[%emt 0:00:03]} Nf6 {[%emt 0:00:02]} 34. g4 {[%emt 0:00:03]} Nxe4+ {[%emt 0:00:01]} 35. Kg2 {[%emt 0:00:02]} Nxc3 {[%emt 0:00:01]} 0-1

[Event "GER-chW Blitz 2019"]
[Site "Magdeburg"]
[Date "2019.05.25"]
[Round "5.4"]
[White "Rath, Alina"]
[Black "Osmanodja, Filiz"]
[Result "0-1"]
[WhiteElo "2042"]
[BlackElo "2260"]
[Annotator "NA"]
[PlyCount "72"]
[EventDate "2019.05.25"]
[EventType "tourn"]
[EventCountry "GER"]
[SourceTitle "playchess.com"]
[Source "ChessBase"]
[SourceQuality "1"]
[TimeControl "180+2"]

1. c4 {[%emt 0:00:00]} c5 {[%emt 0:00:01]} 2. Nc3 {[%emt 0:00:00]} Nc6 {[%emt 0:00:01]} 3. g3 {[%emt 0:00:01]} g6 {[%emt 0:00:01]} 4. Bg2 {[%emt 0:00:01]} Bg7 {[%emt 0:00:00]} 5. e4 {[%emt 0:00:01]} e6 {[%emt 0:00:06]} 6. Nge2 {[%emt 0:00:01]} Nge7 {[%emt 0:00:00]} 7. O-O {[%emt 0:00:01]} O-O {[%emt 0:00:01]} 8. d3 {[%emt 0:00:01]} Nd4 {[%emt 0:00:04]} 9. Be3 {[%emt 0:00:01]} a6 {[%emt 0:00:14]} 10. Qd2 {[%emt 0:00:01]} Rb8 {[%emt 0:00:26]} 11. Bh6 {[%emt 0:00:06]} b5 {[%emt 0:00:04]} 12. Bxg7 {[%emt 0:00:02]} Kxg7 {[%emt 0:00:01]} 13. b3 {[%emt 0:00:01]} b4 {[%emt 0:00:07]} 14. Nd1 {[%emt 0:00:02]} Nec6 {[%emt 0:00:09]} 15. f4 {[%emt 0:00:02]} f5 {[%emt 0:00:04]} 16. Ne3 {[%emt 0:00:10]} Nxe2+ {[%emt 0:00:03]} 17. Qxe2 {[%emt 0:00:01]} Nd4 {[%emt 0:00:01]} 18. Qd2 {[%emt 0:00:01]} Bb7 {[%emt 0:00:08]} 19. Nc2 {[%emt 0:00:03]} a5 {[%emt 0:00:11]} 20. Nxd4 {[%emt 0:00:02]} cxd4 {[%emt 0:00:01]} 21. Rae1 {[%emt 0:00:09]} Qb6 {[%emt 0:00:11]} 22. e5 {[%emt 0:00:11]} Bxg2 {[%emt 0:00:07]} 23. Qxg2 {[%emt 0:00:01]} a4 {[%emt 0:00:11]} 24. Rc1 {[%emt 0:00:05]} axb3 {[%emt 0:00:11]} 25. axb3 {[%emt 0:00:01]} Ra8 {[%emt 0:00:02]} 26. Rf2 {[%emt 0:00:02]} Ra3 {[%emt 0:00:03]} 27. Rb2 {[%emt 0:00:01]} Rfa8 {[%emt 0:00:05]} 28. h3 {[%emt 0:00:12]} Qa6 {[%emt 0:00:26]} 29. Qd2 {[%emt 0:00:11]} Ra1 {[%emt 0:00:14]} 30. Rbb1 {[%emt 0:00:11]} Qa2 {[%emt 0:00:10]} 31. Qxa2 {[%emt 0:00:15]} R1xa2 32. Rd1 {[%emt 0:00:09]} R8a3 {[%emt 0:00:09]} 33. h4 {[%emt 0:00:05]} Kf7 {[%emt 0:00:04]} 34. Kf1 {[%emt 0:00:02]} Rc2 {[%emt 0:00:02]} 35. Rdc1 {[%emt 0:00:12]} Rc3 {[%emt 0:00:12]} 36. Ke2 {[%emt 0:00:08]} Ra2+ 0-1

[Event "GER-chW Blitz 2019"]
[Site "Magdeburg"]
[Date "2019.05.25"]
[Round "5.5"]
[White "Silz, Elisa"]
[Black "Sieber, Fiona"]
[Result "0-1"]
[WhiteElo "1977"]
[BlackElo "2250"]
[Annotator "NA"]
[PlyCount "114"]
[EventDate "2019.05.25"]
[EventType "tourn"]
[EventCountry "GER"]
[SourceTitle "playchess.com"]
[Source "ChessBase"]
[SourceQuality "1"]
[TimeControl "180+2"]

1. d4 {[%emt 0:00:00]} Nf6 {[%emt 0:00:00]} 2. Nf3 {[%emt 0:00:00]} e6 {[%emt 0:00:01]} 3. c4 {[%emt 0:00:00]} b6 {[%emt 0:00:01]} 4. g3 {[%emt 0:00:01]} Ba6 {[%emt 0:00:02]} 5. Qc2 {[%emt 0:00:02]} Bb7 {[%emt 0:00:09]} 6. Bg2 {[%emt 0:00:01]} c5 {[%emt 0:00:01]} 7. O-O {[%emt 0:00:03]} cxd4 {[%emt 0:00:06]} 8. Nxd4 {[%emt 0:00:03]} Bxg2 {[%emt 0:00:02]} 9. Kxg2 {[%emt 0:00:01]} Qc8 {[%emt 0:00:01]} 10. b3 {[%emt 0:00:10]} Nc6 {[%emt 0:00:10]} 11. Nb5 {[%emt 0:00:08]} Qb7 {[%emt 0:00:05]} 12. f3 {[%emt 0:00:10]} a6 {[%emt 0:00:02]} 13. N5c3 {[%emt 0:00:03]} Nd4 {[%emt 0:00:11]} 14. Qd3 {[%emt 0:00:09]} Nc6 {[%emt 0:00:11]} 15. Bg5 {[%emt 0:00:10]} Be7 {[%emt 0:00:01]} 16. Nd2 {[%emt 0:00:05]} O-O {[%emt 0:00:05]} 17. e4 {[%emt 0:00:11]} Rfd8 {[%emt 0:00:17]} 18. Qe3 {[%emt 0:00:14]} Bc5 {[%emt 0:00:23]} 19. Qe1 {[%emt 0:00:10]} Bd4 {[%emt 0:00:06]} 20. Rc1 {[%emt 0:00:05]} Nb4 {[%emt 0:00:14]} 21. Qe2 {[%emt 0:00:14]} h6 {[%emt 0:00:17]} 22. Bxf6 {[%emt 0:00:04]} Bxf6 {[%emt 0:00:01]} 23. e5 {[%emt 0:00:05]} Be7 {[%emt 0:00:03]} 24. Nde4 {[%emt 0:00:08]} d6 {[%emt 0:00:09]} 25. exd6 {[%emt 0:00:04]} Bxd6 {[%emt 0:00:01]} 26. Nxd6 {[%emt 0:00:02]} Rxd6 {[%emt 0:00:01]} 27. Ne4 {[%emt 0:00:02]} Rd7 {[%emt 0:00:02]} 28. Rfd1 {[%emt 0:00:06]} Rad8 {[%emt 0:00:01]} 29. a3 Nd3 {[%emt 0:00:06]} 30. Rb1 {[%emt 0:00:20]} Rd4 {[%emt 0:00:10]} 31. Nc3 {[%emt 0:00:18]} Qd7 {[%emt 0:00:04]} 32. Rf1 {[%emt 0:00:05]} Nc5 {[%emt 0:00:04]} 33. Rbd1 {[%emt 0:00:10]} Nxb3 {[%emt 0:00:05]} 34. Rxd4 {[%emt 0:00:05]} Nxd4 {[%emt 0:00:02]} 35. Qe4 {[%emt 0:00:09]} Qc6 {[%emt 0:00:05]} 36. Qxc6 Nxc6 {[%emt 0:00:02]} 37. Rf2 {[%emt 0:00:05]} Rd3 {[%emt 0:00:02]} 38. Na4 {[%emt 0:00:03]} b5 {[%emt 0:00:04]} 39. cxb5 {[%emt 0:00:01]} axb5 {[%emt 0:00:01]} 40. Nc5 {[%emt 0:00:07]} Rxa3 {[%emt 0:00:01]} 41. Rb2 {[%emt 0:00:01]} Nd4 {[%emt 0:00:03]} 42. f4 {[%emt 0:00:05]} Rc3 {[%emt 0:00:09]} 43. Ne4 {[%emt 0:00:03]} Rc2+ {[%emt 0:00:04]} 44. Rxc2 {[%emt 0:00:01]} Nxc2 {[%emt 0:00:01]} 45. Kf3 {[%emt 0:00:03]} Kf8 {[%emt 0:00:03]} 46. Ke2 {[%emt 0:00:02]} Nd4+ {[%emt 0:00:06]} 47. Kd3 {[%emt 0:00:02]} Nf3 {[%emt 0:00:04]} 48. h3 {[%emt 0:00:05]} Ng1 {[%emt 0:00:03]} 49. h4 {[%emt 0:00:02]} Ke7 {[%emt 0:00:02]} 50. Kc3 {[%emt 0:00:03]} f5 {[%emt 0:00:06]} 51. Nd2 {[%emt 0:00:05]} Ne2+ {[%emt 0:00:01]} 52. Kb4 {[%emt 0:00:01]} Nxg3 {[%emt 0:00:02]} 53. Kxb5 {[%emt 0:00:01]} Ne2 {[%emt 0:00:02]} 54. Kc6 {[%emt 0:00:02]} Nxf4 {[%emt 0:00:01]} 55. Nc4 {[%emt 0:00:01]} Ng2 {[%emt 0:00:02]} 56. h5 {[%emt 0:00:01]} Nf4 {[%emt 0:00:02]} 57. Ne5 {[%emt 0:00:04]} Nxh5 {[%emt 0:00:03]} 0-1

[Event "GER-chW Blitz 2019"]
[Site "Magdeburg"]
[Date "2019.05.25"]
[Round "5.6"]
[White "Kotyk, Valeriya"]
[Black "Daemering, Katrin"]
[Result "1-0"]
[WhiteElo "1739"]
[BlackElo "2003"]
[Annotator "NA"]
[PlyCount "83"]
[EventDate "2019.05.25"]
[EventType "tourn"]
[EventCountry "GER"]
[SourceTitle "playchess.com"]
[Source "ChessBase"]
[SourceQuality "1"]
[TimeControl "180+2"]

1. d4 {[%emt 0:00:00]} c5 {[%emt 0:00:00]} 2. d5 {[%emt 0:00:01]} e5 {[%emt 0:00:00]} 3. c4 {[%emt 0:00:01]} d6 {[%emt 0:00:01]} 4. Nc3 {[%emt 0:00:01]} g6 {[%emt 0:00:02]} 5. e4 {[%emt 0:00:02]} Bg7 {[%emt 0:00:01]} 6. Nf3 {[%emt 0:00:04]} Ne7 {[%emt 0:00:02]} 7. Be3 {[%emt 0:00:03]} O-O {[%emt 0:00:02]} 8. Qd2 {[%emt 0:00:13]} a6 {[%emt 0:00:13]} 9. Be2 {[%emt 0:00:05]} Nd7 {[%emt 0:00:02]} 10. O-O {[%emt 0:00:04]} Rb8 {[%emt 0:00:10]} 11. a4 {[%emt 0:00:03]} Nf6 {[%emt 0:00:15]} 12. Bh6 {[%emt 0:00:08]} Ne8 {[%emt 0:00:23]} 13. Bxg7 {[%emt 0:00:31]} Kxg7 {[%emt 0:00:02]} 14. Qc2 {[%emt 0:00:03]} h6 {[%emt 0:00:05]} 15. Nd2 {[%emt 0:00:01]} f5 {[%emt 0:00:04]} 16. f4 {[%emt 0:00:07]} fxe4 {[%emt 0:00:16]} 17. fxe5 {[%emt 0:00:07]} Bf5 {[%emt 0:00:13]} 18. e6 {[%emt 0:00:15]} Nf6 {[%emt 0:00:15]} 19. Qd1 {[%emt 0:00:06]} h5 {[%emt 0:00:19]} 20. h3 {[%emt 0:00:20]} e3 {[%emt 0:00:14]} 21. Nf3 {[%emt 0:00:08]} Qb6 {[%emt 0:00:13]} 22. b3 {[%emt 0:00:08]} Qb4 {[%emt 0:00:05]} 23. Rc1 {[%emt 0:00:04]} Rbd8 {[%emt 0:00:07]} 24. Ng5 {[%emt 0:00:03]} Rc8 {[%emt 0:00:16]} 25. Nf7 {[%emt 0:00:22]} Qb6 {[%emt 0:00:14]} 26. Bd3 {[%emt 0:00:07]} Bxd3 {[%emt 0:00:03]} 27. Qxd3 {[%emt 0:00:00]} Qxb3 {[%emt 0:00:04]} 28. Nxd6 {[%emt 0:00:02]} Rcd8 {[%emt 0:00:01]} 29. Nf7 {[%emt 0:00:02]} Rde8 {[%emt 0:00:03]} 30. Rb1 {[%emt 0:00:03]} Qa3 {[%emt 0:00:01]} 31. Ra1 {[%emt 0:00:02]} Qb4 {[%emt 0:00:02]} 32. Rfb1 {[%emt 0:00:01]} Qa5 {[%emt 0:00:00]} 33. Rxb7 {[%emt 0:00:02]} Nf5 {[%emt 0:00:04]} 34. Nd6+ {[%emt 0:00:03]} Re7 {[%emt 0:00:01]} 35. Nxf5+ {[%emt 0:00:04]} gxf5 {[%emt 0:00:02]} 36. Rxe7+ {[%emt 0:00:01]} Kg6 {[%emt 0:00:02]} 37. Rf1 {[%emt 0:00:05]} Nh7 {[%emt 0:00:04]} 38. Qxe3 {[%emt 0:00:03]} Qd8 {[%emt 0:00:02]} 39. Rd7 {[%emt 0:00:01]} Qe8 {[%emt 0:00:00]} 40. Ne2 {[%emt 0:00:04]} Ng5 {[%emt 0:00:02]} 41. Nf4+ {[%emt 0:00:02]} Kf6 {[%emt 0:00:01]} 42. Qc3# {[%emt 0:00:03]} 1-0

[Event "GER-chW Blitz 2019"]
[Site "Magdeburg"]
[Date "2019.05.25"]
[Round "5.7"]
[White "Fuchs, Judith"]
[Black "Kreismann, Franziska"]
[Result "1-0"]
[WhiteElo "2218"]
[BlackElo "1589"]
[Annotator "NA"]
[PlyCount "29"]
[EventDate "2019.05.25"]
[EventType "tourn"]
[EventCountry "GER"]
[SourceTitle "playchess.com"]
[Source "ChessBase"]
[SourceQuality "1"]
[TimeControl "180+2"]

1. d4 {[%emt 0:00:00]} g6 {[%emt 0:00:00]} 2. e4 {[%emt 0:00:02]} d6 {[%emt 0:00:01]} 3. Nc3 {[%emt 0:00:01]} Bg7 {[%emt 0:00:01]} 4. Bf4 {[%emt 0:00:01]} Nf6 {[%emt 0:00:02]} 5. Qd2 {[%emt 0:00:01]} O-O {[%emt 0:00:02]} 6. Bh6 {[%emt 0:00:03]} Re8 {[%emt 0:00:02]} 7. Bxg7 {[%emt 0:00:01]} Kxg7 {[%emt 0:00:01]} 8. O-O-O {[%emt 0:00:05]} e5 {[%emt 0:00:11]} 9. dxe5 {[%emt 0:01:01]} dxe5 {[%emt 0:00:09]} 10. Qxd8 {[%emt 0:00:03]} Rxd8 {[%emt 0:00:01]} 11. Rxd8 Nc6 12. Rd1 {[%emt 0:00:07]} Be6 {[%emt 0:00:01]} 13. Nf3 {[%emt 0:00:04]} a6 {[%emt 0:00:08]} 14. Ng5 {[%emt 0:00:03]} Bc4 {[%emt 0:00:10]} 15. Bxc4 1-0

[Event "GER-chW Blitz 2019"]
[Site "Magdeburg"]
[Date "2019.05.25"]
[Round "5.8"]
[White "Lubbe, Melanie"]
[Black "Kunze, Kerstin"]
[Result "1-0"]
[WhiteElo "2278"]
[BlackElo "2066"]
[Annotator "NA"]
[PlyCount "51"]
[EventDate "2019.05.25"]
[EventType "tourn"]
[EventCountry "GER"]
[SourceTitle "playchess.com"]
[Source "ChessBase"]
[SourceQuality "1"]
[TimeControl "180+2"]

1. d4 {[%emt 0:00:00]} Nf6 {[%emt 0:00:00]} 2. Nc3 {[%emt 0:00:00]} d5 {[%emt 0:00:02]} 3. Bf4 {[%emt 0:00:01]} c6 {[%emt 0:00:08]} 4. f3 {[%emt 0:00:01]} Nbd7 {[%emt 0:00:14]} 5. e4 {[%emt 0:00:16]} Nh5 {[%emt 0:00:19]} 6. Be3 {[%emt 0:00:00]} e6 {[%emt 0:00:11]} 7. a3 {[%emt 0:00:11]} Qh4+ {[%emt 0:00:27]} 8. Bf2 {[%emt 0:00:02]} Qd8 {[%emt 0:00:14]} 9. Nge2 {[%emt 0:00:12]} g6 {[%emt 0:00:21]} 10. g4 {[%emt 0:00:07]} Nhf6 {[%emt 0:00:07]} 11. e5 {[%emt 0:00:02]} Ng8 {[%emt 0:00:01]} 12. Qd2 {[%emt 0:00:10]} Be7 {[%emt 0:00:09]} 13. O-O-O {[%emt 0:00:04]} Nb6 {[%emt 0:00:11]} 14. Ng3 {[%emt 0:00:03]} Qc7 {[%emt 0:00:05]} 15. f4 {[%emt 0:00:01]} Bd7 {[%emt 0:00:04]} 16. Bd3 {[%emt 0:00:06]} h6 {[%emt 0:00:11]} 17. h4 {[%emt 0:00:06]} O-O-O {[%emt 0:00:02]} 18. f5 {[%emt 0:00:06]} gxf5 {[%emt 0:00:11]} 19. gxf5 {[%emt 0:00:01]} exf5 {[%emt 0:00:04]} 20. Nxf5 {[%emt 0:00:04]} Kb8 {[%emt 0:00:09]} 21. Rhg1 {[%emt 0:00:15]} Bxf5 {[%emt 0:00:05]} 22. Bxf5 {[%emt 0:00:00]} Nc4 {[%emt 0:00:00]} 23. Qe2 {[%emt 0:00:06]} Qb6 24. Na4 {[%emt 0:00:07]} Qa6 {[%emt 0:00:10]} 25. Nc5 {[%emt 0:00:19]} Bxc5 {[%emt 0:00:17]} 26. dxc5 {[%emt 0:00:01]} 1-0